000 00427nam a2200169 i 4500
001 bg
100 1 _aKRASUCKA, Ewa
245 0 _aZbiór zadań z podstaw elektrotechniki /
_cEwa Krasucka, Ewa Koś.
260 _aSzczecin,
_c1982.
650 9 _aElektrotechnika
655 _aPodręczniki akademickie
700 1 _aKOŚ, Ewa
040 _cBPK
041 _apol
942 _cKS
008 s pl f |000 0 pol
999 _c22136
_d22136
856 _uhttp://koha.tu.koszalin.pl/cgi-bin/koha/opac-detail.pl?biblionumber=22136
_yKatalog online BPK